ANALYTICAL LETTERS (Record no. 8043)

MARC details
000 -LEADER
fixed length control field 00397nam a2200145Ia 4500
022 ## - INTERNATIONAL STANDARD SERIAL NUMBER
ISSN 0003-2719
245 #0 - TITLE STATEMENT
Title ANALYTICAL LETTERS
260 ## - PUBLICATION, DISTRIBUTION, ETC. (IMPRINT)
Name of publisher Marcel Dekker, Madison Avenue, New York
Place of publication USA
310 ## - CURRENT PUBLICATION FREQUENCY
Current publication frequency M
500 ## - GENERAL NOTE
General note Ending Volume & Year: 20, 1987
500 ## - GENERAL NOTE
General note Missing Volume: 14
500 ## - GENERAL NOTE
General note Starting Volume & Year: A11, 1978
942 ## - ADDED ENTRY ELEMENTS (KOHA)
Koha item type Bound Journal
Holdings
Withdrawn status Lost status Damaged status Not for loan Home library Current library Date acquired Accession Number Koha item type
      Bound journals RRII Library RRII Library 31/12/2021 08012J Bound Journal